ELEMENTARY DIFFERENTIAL EQUATIONS (Record no. 19497)
[ view plain ]
| 000 -LEADER | |
|---|---|
| fixed length control field | 00299nam a22001337a 4500 |
| 003 - CONTROL NUMBER IDENTIFIER | |
| control field | SGT |
| 020 ## - INTERNATIONAL STANDARD BOOK NUMBER | |
| International Standard Book Number | 978-93-534-3278-2 |
| 082 ## - DEWEY DECIMAL CLASSIFICATION NUMBER | |
| Classification number | 621 |
| Item number | EDW |
| 100 ## - MAIN ENTRY--PERSONAL NAME | |
| Personal name | EDWARDS, C. HENRY |
| 245 ## - TITLE STATEMENT | |
| Title | ELEMENTARY DIFFERENTIAL EQUATIONS |
| 260 ## - PUBLICATION, DISTRIBUTION, ETC. (IMPRINT) | |
| Place of publication, distribution, etc | DELHI |
| Name of publisher, distributor, etc | NAROSA |
| Year of Publication | 2019 |
| 300 ## - PAGE DESCRIPTION | |
| No. of Pages | 760 |
| 942 ## - ADDED ENTRY ELEMENTS (KOHA) | |
| Source of classification or shelving scheme | Dewey Decimal Classification |
| Koha item type | Books |
| Withdrawn status | Lost status | Source of classification or shelving scheme | Damaged status | Not for loan | Home library | Current library | Shelving location | Date acquired | Vendor Name | Cost, normal purchase price | SGTU | Bill Number | Total Checkouts | Full call number | Accession No. (Barcode) | Date last seen | Bill Date | Koha item type |
|---|---|---|---|---|---|---|---|---|---|---|---|---|---|---|---|---|---|---|
| Dewey Decimal Classification | SGT Science & Social Sciences Library | SGT Science & Social Sciences Library | Text Book | 30/11/2019 | ABC | 759.00 | SGTU | 11575 | 621 EDW | PS6020 | 30/11/2019 | 30/11/2019 | Books | |||||
| Dewey Decimal Classification | SGT Science & Social Sciences Library | SGT Science & Social Sciences Library | Text Book | 30/11/2019 | ABC | 759.00 | SGTU | 11575 | 621 EDW | PS6021 | 30/11/2019 | 30/11/2019 | Books | |||||
| Dewey Decimal Classification | SGT Science & Social Sciences Library | SGT Science & Social Sciences Library | Text Book | 30/11/2019 | ABC | 759.00 | SGTU | 11575 | 621 EDW | PS6022 | 30/11/2019 | 30/11/2019 | Books |